The Birth of the Gods and the Origins of Agriculture (Record no. 575793)

MARC details
000 -LEADER
fixed length control field 01075nam a2200157Ia 4500
008 - FIXED-LENGTH DATA ELEMENTS--GENERAL INFORMATION
fixed length control field 250714s9999 xx 000 0 und d
020 ## - INTERNATIONAL STANDARD BOOK NUMBER
ISBN 9780521039086
082 ## - DEWEY DECIMAL CLASSIFICATION NUMBER
Classification number 939.4
Item number CAU
100 ## - MAIN ENTRY--AUTHOR NAME
Personal name Cauvin, Jacques
245 #4 - TITLE STATEMENT
Title The Birth of the Gods and the Origins of Agriculture
260 ## - PUBLICATION, DISTRIBUTION, ETC. (IMPRINT)
Name of publisher Cambridge University Press
Year of publication 2007
500 ## - GENERAL NOTE
General note This innovative study analyzes the great cultural and economic changes occurring in the Near East between 10,000 and 7,000 BC as Palaeolithic societies of hunter-gatherers gave way to village communities of Neolithic food-producers. Challenging the orthodox, materialist interpretations, and drawing on French theories of mentalities, Jacques Cauvin argues that the Neolithic revolution must be understood as an intellectual transformation, revealing itself above all in symbolic activities. He describes the emergence of the first agricultural villages, pastoralism and nomadism, and the diffusion of Neolithic ideas and practice to the region's periphery.
650 ## - SUBJECT ADDED ENTRY--TOPICAL TERM
Topical Term Social Science
942 ## - ADDED ENTRY ELEMENTS (KOHA)
Koha item type English Books
Holdings
Withdrawn status Lost status Damaged status Not for loan Home library Current library Shelving location Date acquired Full call number Accession Number Price effective from Koha item type
        Anna Centenary Library Anna Centenary Library 7TH FLOOR, B WING 14.07.2025 939.4 CAU 233352 14.07.2025 English Books

Find us on the map